000
00329 a2200157 4500
001
191620
020
_a
85-305-0318-X
040
_c
Magnum
100
_a
Barros, Sônia
240
1
0
_a
Saudade doída
_l
por
245
1
0
_a
Saudade doída
300
_a
46
362
0
_a
2003
697
_a
LITERATURA INFANTO-JUVENIL
942
_c
BK
999
_c
191620
_d
191620